000
00338nam a2200133Ia 4500
008
240624s9999 xx 000 0 und d
041
_a
eng
082
_a
828 RAZ
100
_a
RAZA AZRA
245
_a
TRIBUTE TO GHALIB TWENTY ONE GHAZALS REI
260
_c
2017
_a
New Delhi
_b
Penguin
300
_a
xvi, 183 p.; 19 cm.
365
_c
RS
_b
28.5
999
_c
29609
_d
29609